000 00286nam a22000977a 4500
999 _c515648
_d515648
082 _aTNC A31 H588 (R)
100 _aBagchi, Asoke K.
_921370
245 _aHinduja foundation encyclopaedia of nobel laureates 1901-1996
_cby Asoke K. Bagchi
260 _aDelhi
_bKonark
_c1988
300 _a720p.